000 01170nam a2200397 a 4500
003 AR-BaBNM
005 20251128210208.0
008 082120s2002 ||||||||||||||000 | spa||
020 _a84-85840-47-x
040 _cAR-BaBNM
245 0 0 _aLa educación lingüística y literaria en la enseñanza secundaria
250 _a1ª ed.
260 _aBarcelona
_bI.C.E. Universitat Barcelona
_bHorsori
_c1996
300 _a272 p.
490 0 _aCuadernos de formación del profesorado
_vv. 1
500 _aContiene referencias bibliográficas p. 253-266
500 _aContiene índice temático p. 263-271
650 4 _aLENGUA
650 4 _aLITERATURA
650 4 _aMATERIAL DIDACTICO
650 4 _aCOMUNICACION
650 4 _aOBJETIVOS EDUCACIONALES
650 4 _aLINGÜISTICA
650 4 _aMETODOS DE ENSEÑANZA
653 _aEDUCACION SECUNDARIA
653 _aCONTENIDOS CURRICULARES
653 _aESTRATEGIAS EDUCATIVAS
700 1 _aLomas, Carlos
_ecoordinador
700 1 _aColomer, Teresa
700 1 _aNussbaum, Luci
700 1 _aOsoro, Andrés
700 1 _aTusón, Amparo
800 1 _aColl, Cesar
942 _cBK
998 _cRaquel
999 _c14459
_d14459